|
|
|
|
| LEADER |
00000ny a22000003n 4500 |
| 005 |
20110614143435.0 |
| 008 |
020311s2001 sp s 000 0 spa c |
| 017 |
|
|
|a D.L. M.11823-2001
|
| 020 |
|
|
|a 9788484940029
|
| 035 |
|
|
|a 1669
|
| 040 |
|
|
|a UMA.DER
|d vLex
|
| 040 |
|
|
|a UMA.RE
|d vLex
|
| 080 |
|
|
|a 347.931(460)
|
| 090 |
|
|
|c 681
|d 681
|
| 100 |
1 |
|
|a Cubillo Lp̤ez, Ignacio
|
| 245 |
1 |
3 |
|a La comunicacin̤ procesal en la nueva Ley de enjuiciamiento civil
|h [Recurso electrn̤ico]
|c Ignacio Cubillo Lp̤ez
|
| 256 |
|
|
|a Servicio en ln̕ea
|
| 260 |
|
|
|a Madrid :
|b EDERSA,
|c D.L. 2001
|
| 300 |
|
|
|a 206 p. ;
|c 22 cm
|
| 490 |
1 |
|
|a Monografa̕s
|
| 500 |
|
|
|a Basado en la tesis del autor
|
| 504 |
|
|
|a Bibliogr.: p. 201-206
|
| 506 |
1 |
|
|a Contenido solo disponible en los productos indicados
|d vLex Global
|d vLex Global (Academic Edition, excluding Law Schools)
|d vLex Global (U.S. Academic Edition, Law Schools)
|d vLex Global (U.S. Academic Edition, excluding Law Schools)
|d vLex Global (Academic Edition, Law Schools)
|
| 650 |
0 |
7 |
|a Ley de enjuiciamiento civil
|2 Tesauro vLex
|
| 650 |
0 |
7 |
|a Procesal
|2 Tesauro vLex
|
| 650 |
0 |
7 |
|a Actos de comunicacin̤ judicial
|2 Tesauro vLex
|
| 740 |
0 |
|
|a vLex Libros (Servicios en ln̕ea)
|
| 830 |
|
0 |
|a Monografa̕s (Editoriales de Derecho Reunidas)
|
| 856 |
4 |
0 |
|u http://vlex.com/source/1669
|z Acceso restringido
|
| 942 |
|
|
|c BOOK
|
| 999 |
0 |
|
|a Procedure (Law)
|b Madrid
|